Producción y manejo de datos de composición química de alimentos en nutrición
Spremljeno u:
| Glavni autori: | , , |
|---|---|
| Format: | Knjiga |
| Jezik: | španjolski |
| Izdano: |
Santiago
Inta
1997
|
| Teme: | |
| Oznake: |
Dodaj oznaku
Bez oznaka, Budi prvi tko označuje ovaj zapis!
|
MARC
| LEADER | 00000nam a2200000 a 4500 | ||
|---|---|---|---|
| 001 | UCI9324 | ||
| 003 | CL-VaPUC | ||
| 008 | 081113e19970000CL |||||||||||||||||spa|d | ||
| 082 | 0 | 4 | |a 664.024 |b MOR |2 21 |
| 100 | |a Morón, Cecilio |e autor |9 532985 | ||
| 700 | 0 | |a Zacarías, Isabel |e author |9 532986 | |
| 700 | 0 | |a Pablo, Saturnino de |e author |9 532987 | |
| 245 | 1 | 0 | |a Producción y manejo de datos de composición química de alimentos en nutrición |
| 300 | |a 356 p | ||
| 942 | |c BK | ||
| 945 | |d 20081113 00:00:00 |a rbrito | ||
| 260 | |a Santiago |b Inta |c 1997 | ||
| 650 | 7 | |a QUIMICA DE ALIMENTOS |2 CL-VaPUC |9 532988 | |
| 650 | 0 | |a Nutrición |9 259434 | |
| 650 | 0 | |a Consumo de alimentos |9 343800 | |
| 650 | 0 | |a Industria alimentaria |9 331702 | |
| 650 | 7 | |a DIETETICA |2 CL-VaPUC |9 259618 | |
| 583 | |a last modification |c 20081113 00:00:00 |k Rodrigo Vera | ||
| 999 | |c 331886 |d 331884 | ||
| 952 | |0 0 |1 0 |4 0 |6 664_024000000000000_MOR_1997 |7 0 |8 A |9 419092 |a BIBALI |b BIBALI |c GEN |d 2019-11-22 |i 4496434 |o 664.024 MOR 1997 |p 4496434 |r 2025-01-20 |w 2019-11-22 |y BK |k ALI | ||